| 000 | 00800nam a2200241 i 4500 | ||
|---|---|---|---|
| 001 | 124571 | ||
| 003 | ES-MaACL | ||
| 005 | 20250813062629.0 | ||
| 007 | t| | ||
| 008 | 070330s1932 sp ||||1| spa d | ||
| 080 | _a94(438) | ||
| 100 | 1 |
_aBranderburger, Clemens L. _931339 |
|
| 245 | 1 | 0 |
_aHistoria de Polonia / _cC.L. Brandenburger, M. Laubert ; traducción de la segunda edición alemana por Manuel Almarcha Hernández. |
| 260 |
_aBarcelona : _bLabor, _c[1932] |
||
| 300 |
_a207 p., map., XII p. lám. : _bil. ; _c17 cm. |
||
| 490 | 1 |
_aColección Labor ; _v306 |
|
| 651 | 4 |
_aPolonia- _xHistoria. _99240 |
|
| 700 | 1 |
_aLaubert, M. _970577 |
|
| 700 | 1 |
_aAlmarcha Hernández, Manuel. _920099 |
|
| 830 | 1 | 0 |
_aColección Labor _v306 _9184254 |
| 852 | 4 |
_aES-MaACL _jE-2797 |
|
| 999 |
_c124571 _d124571 |
||